按照辖区最北端从北至南依次写出全国地州市 - Statistics

General Stats
  • This quiz has been taken 35 times
  • The average score is 117 of 371
Answers on the Map
Answers color-coded by a green-red scale on the quiz's map according to % correct below.
 
Answer Stats
最北端纬度 地州市 首次出现 % Correct
53.558N 大兴安岭 黑龙江
100%
53.331N 呼伦贝尔 内蒙古
100%
51.001N 黑河
88%
49.442N 伊春
82%
49.181N 阿勒泰 新疆
76%
48.930N 齐齐哈尔
76%
48.460N 佳木斯
71%
48.357N 鹤岗
71%
48.095N 绥化
71%
47.655N 兴安
71%
47.574N 双鸭山
71%
47.476N 大庆
71%
47.235N 塔城
71%
47.428N 北屯
65%
46.672N 哈尔滨
53%
46.609N 鸡西
53%
46.333N 七台河
53%
46.301N 白城 吉林
53%
46.212N 克拉玛依
53%
45.985N 牡丹江
53%
46.773N 锡林郭勒
47%
45.654N 通辽
47%
45.535N 松原
47%
45.487N 昌吉
47%
45.383N 博尔塔拉
47%
45.000N 乌鲁木齐
47%
44.459N 石河子
47%
45.250N 赤峰
41%
45.247N 长春
41%
45.101N 胡杨河
41%
45.098N 哈密
41%
45.041N 双河
41%
44.843N 伊犁
41%
44.646N 吉林
41%
44.597N 五家渠
41%
44.511N 延边
41%
44.181N 可克达拉
41%
44.109N 四平
41%
43.632N 吐鲁番
41%
43.565N 巴音郭楞
41%
43.488N 铁岭 辽宁
41%
43.377N 乌兰察布
41%
43.231N 辽源
41%
43.039N 沈阳
41%
43.017N 通化
41%
42.842N 白山
41%
42.840N 阜新
41%
42.793N 酒泉/阿拉善 甘肃
41%
42.736N 包头
41%
42.647N 阿克苏
41%
42.615N 承德 河北
41%
42.476N 抚顺
41%
42.458N 巴彦淖尔
41%
42.387N 朝阳
41%
42.147N 张家口
41%
42.126N 锦州
41%
41.615N 辽阳
41%
41.568N 鞍山
41%
41.565N 本溪
41%
41.457N 盘锦
41%
41.408N 克孜勒苏
41%
41.385N 呼和浩特
41%
41.220N 葫芦岛
41%
41.156N 丹东
41%
41.059N 北京
41%
40.939N 营口
41%
40.880N 鄂尔多斯
41%
40.744N 大同 山西
41%
40.613N 秦皇岛
41%
40.464N 唐山
41%
40.299N 朔州
41%
40.257N 喀什
41%
40.244N 天津
41%
40.203N 大连
41%
40.083N 廊坊
41%
39.999N 嘉峪关
41%
39.952N 保定
41%
39.915N 乌海
41%
39.888N 张掖
41%
39.658N 忻州
41%
39.623N 和田
41%
39.582N 榆林 陕西
41%
39.460N 武威
41%
39.384N 石嘴山 宁夏
41%
39.212N 海西 青海
41%
39.089N 海北
41%
38.995N 金昌
41%
38.875N 银川
41%
38.400N 烟台 山东
41%
36.484N 那曲 西藏
41%
36.374N 安阳 河南
41%
36.209N 濮阳
41%
46.824N 白杨
35%
43.100N 新星
35%
42.342N 铁门关
35%
40.943N 阿拉尔
35%
40.098N 图木舒克
35%
38.947N 沧州
35%
38.763N 石家庄
35%
38.732N 吕梁
35%
38.524N 阳泉
35%
38.420N 太原
35%
38.371N 衡水
35%
38.276N 滨州
35%
38.264N 吴忠
35%
38.147N 东营
35%
38.092N 晋中
35%
38.011N 德州
35%
37.812N 邢台
35%
37.756N 中卫
35%
37.638N 白银
35%
37.556N 威海
35%
37.537N 济南
35%
37.500N 延安
35%
37.470N 西宁
35%
37.316N 潍坊
35%
37.280N 淄博
35%
37.174N 海南
35%
37.156N 庆阳
35%
37.148N 海东
35%
37.147N 青岛
35%
37.125N 长治
35%
37.031N 聊城
35%
37.021N 邯郸
35%
36.998N 兰州
35%
36.943N 临汾
35%
36.526N 固原
35%
36.472N 泰安
35%
36.279N 玉树
35%
36.222N 临夏
35%
36.206N 临沂
35%
36.170N 黄南
35%
36.067N 晋城
35%
36.052N 鹤壁
35%
36.045N 定西
35%
36.039N 日照
35%
35.982N 济宁
35%
35.867N 渭南
35%
35.865N 菏泽
35%
35.862N 阿里
35%
35.840N 新乡
35%
35.821N 运城
35%
35.747N 平凉
35%
35.620N 果洛
35%
35.588N 甘南
35%
35.581N 铜川
35%
35.544N 咸阳
35%
35.495N 焦作
35%
35.320N 枣庄
35%
35.283N 济源
35%
35.176N 天水
35%
35.142N 连云港 江苏
35%
35.102N 宝鸡
35%
35.082N 三门峡
35%
35.071N 洛阳
35%
35.026N 开封
35%
34.984N 郑州
35%
34.980N 徐州
35%
34.863N 商丘
35%
34.744N 西安
35%
34.654N 宿州 安徽
35%
34.533N 陇南
35%
34.467N 盐城
35%
34.432N 商洛
35%
34.422N 宿迁
35%
34.406N 许昌
35%
31.183N 湖州 浙江
35%
37.828N 昆玉
29%
34.346N 平顶山
29%
34.339N 周口
29%
34.317N 阿坝 四川
29%
34.257N 淮北
29%
34.210N 甘孜
29%
34.097N 淮安
29%
34.081N 亳州
29%
33.985N 漯河
29%
33.879N 汉中
29%
33.841N 安康
29%
33.799N 南阳
29%
33.587N 阜阳
29%
33.533N 驻马店
29%
33.500N 蚌埠
29%
33.417N 扬州
29%
33.278N 十堰 湖北
29%
33.220N 泰州
29%
33.218N 滁州
29%
33.045N 绵阳
29%
33.007N 淮南
29%
32.931N 广元
29%
32.736N 巴中
29%
32.715N 南通
29%
32.664N 信阳
29%
32.637N 襄阳
29%
32.611N 南京
29%
32.609N 六安
29%
32.589N 昌都
29%
32.540N 合肥
29%
32.429N 随州
29%
32.334N 达州
29%
32.326N 镇江
29%
32.212N 重庆
29%
32.062N 马鞍山
29%
32.062N 常州
29%
32.047N 苏州
29%
31.996N 无锡
29%
31.866N 上海
29%
31.863N 神农架
29%
31.855N 南充
29%
31.854N 孝感
29%
31.809N 日喀则
29%
31.700N 德阳
29%
31.613N 荆门
29%
31.607N 黄冈
29%
31.570N 宜昌
29%
31.540N 芜湖
29%
31.438N 成都
29%
31.396N 恩施
29%
31.363N 武汉
29%
31.328N 宣城
29%
31.271N 安庆
29%
31.142N 铜陵
29%
31.058N 拉萨
29%
31.026N 嘉兴
29%
30.941N 雅安
29%
30.906N 天门
29%
30.842N 广安
29%
30.673N 林芝
29%
30.648N 潜江
29%
30.617N 鄂州
29%
30.535N 仙桃
29%
30.128N 常德 湖南
29%
30.081N 九江 江西
29%
29.826N 山南
29%
26.386N 桂林 广西
29%
25.520N 韶关 广东
29%
22.597N 西双版纳
29%
22.374N 防城港
29%
21.956N 湛江
29%
21.921N 北海
29%
20.138N 文昌 海南
29%
31.164N 遂宁
24%
30.863N 舟山
24%
30.846N 池州
24%
30.661N 荆州
24%
30.633N 资阳
24%
30.565N 杭州
24%
30.521N 黄山
24%
30.404N 宁波
24%
30.364N 眉山
24%
30.329N 黄石
24%
30.300N 咸宁
24%
30.299N 绍兴
24%
30.040N 内江
24%
29.932N 乐山
24%
29.930N 景德镇
24%
29.849N 岳阳
24%
29.792N 张家界
24%
29.701N 上饶
24%
29.684N 金华
24%
29.640N 自贡
24%
29.637N 湘西
24%
29.522N 益阳
24%
29.498N 衢州
24%
29.347N 台州
24%
29.251N 迪庆 云南
24%
29.219N 遵义 贵州
24%
28.312N 南平 福建
24%
26.049N 柳州
24%
25.960N 台湾
24%
25.611N 河池
24%
24.795N 河源
24%
22.684N 钦州
24%
22.216N 澳门
24%
20.120N 海口
24%
18.625N 三亚
24%
29.323N 泸州
18%
29.305N 凉山
18%
29.271N 宜宾
18%
29.125N 南昌
18%
29.103N 宜春
18%
29.093N 铜仁
18%
29.039N 怀化
18%
28.953N 丽水
18%
28.675N 昭通
18%
28.664N 长沙
18%
28.630N 鹰潭
18%
28.614N 温州
18%
28.497N 抚州
18%
28.397N 怒江
18%
28.239N 娄底
18%
28.110N 新余
18%
28.076N 湘潭
18%
28.024N 株洲
18%
28.014N 萍乡
18%
27.966N 吉安
18%
27.926N 丽江
18%
27.779N 毕节
18%
27.680N 宁德
18%
27.664N 邵阳
18%
27.527N 黔东南
18%
27.488N 黔南
18%
27.470N 衡阳
18%
27.359N 贵阳
18%
27.346N 攀枝花
18%
27.147N 赣州
18%
27.132N 三明
18%
27.052N 曲靖
18%
26.923N 六盘水
18%
26.872N 永州
18%
26.840N 郴州
18%
26.701N 大理
18%
26.638N 福州
18%
26.630N 安顺
18%
26.545N 昆明
18%
26.505N 楚雄
18%
26.180N 黔西南
18%
26.050N 龙岩
18%
25.942N 泉州
18%
25.861N 保山
18%
25.764N 莆田
18%
25.341N 德宏
18%
25.215N 漳州
18%
25.202N 清远
18%
25.146N 贺州
18%
25.101N 百色
18%
25.034N 临沧
18%
24.956N 玉溪
18%
24.936N 梅州
18%
24.907N 厦门
18%
24.825N 普洱
18%
24.768N 红河
18%
24.476N 文山
18%
24.471N 来宾
18%
24.407N 梧州
18%
24.391N 肇庆
18%
24.235N 潮州
18%
24.044N 贵港
18%
24.034N 南宁
18%
23.963N 惠州
18%
23.934N 广州
18%
23.776N 揭阳
18%
23.648N 汕头
18%
23.576N 佛山
18%
23.476N 汕尾
18%
23.357N 崇左
18%
23.329N 云浮
18%
23.145N 东莞
18%
23.129N 玉林
18%
22.859N 江门
18%
22.858N 深圳
18%
22.776N 中山
18%
22.707N 茂名
18%
22.693N 阳江
18%
22.562N 香港
18%
22.444N 珠海
18%
20.011N 临高
18%
20.001N 澄迈
18%
19.917N 儋州
18%
19.730N 定安
18%
19.591N 屯昌
18%
19.533N 三沙
18%
19.508N 昌江
18%
19.488N 白沙
18%
19.476N 琼海
18%
19.419N 琼中
18%
19.315N 东方
18%
19.105N 万宁
18%
19.035N 五指山
18%
18.962N 乐东
12%
18.834N 保亭
12%
18.810N 陵水
12%
No matching quizzes found
Score Distribution
Percent of People with Each Score
Percentile by Number Answered
Your Score History
You have not taken this quiz